000 00382nam a2200157Ia 4500
008 210716s1995 xx 000 0 und d
020 _a817029553X
041 _aeng
082 _a004.68 DERF
100 _aDerfler, Frank J.
245 _aPC magazine guide to connectivity.
250 _a3
260 _aNew Delhi
_bBPB Publications
_c1995
300 _axx,471
650 _aNone
999 _c182962
_d182962